| Virtuální polytechnická knihovna - Souborný katalog - Úplný záznam dokumentu - MARC |
Uživatel: --- |
-----nas 22-----zu 4500
001 SKVPK0031912
003 CZ-VPK
005 20260424135913.0
008 260424d19661968||||| | ||| || |||||||
022 $a0090-3760
040 $aABA013$bcze
222 0$aNuclear data. Section B
245 00$aNuclear data. Section B
260 $aSpojené státy americké :$bNew York : Academic Press,$c1966-1968
650 07$afyzika$xfy$2psh
780 00$tNuclear data sheets
785 00$tNuclear data current. Section$x0090-550X
910 $aABA013$r1966-1968
| čtvrtek 14.05.2026 01:21:16 |
© 2001-2015 Národní technická knihovna |
[Virtuální polytechnická knihovna]
[Servisní centrum]
[Souborný katalog]